000 00517nam a2200145 i 4500
001 bg
245 0 _aAdvances in research on the strength and fracture of materials :
_bForth International Conference on Fracture, June 1977, University of Waterloo, Canada.
_nVol. 3B,
_pApplications and non-metals /
_ced. D. M. R. Taplin.
260 _aNew York,
_c1978.
700 1 _aTaplin, D. M. R.
_eRed.
040 _cBPK
041 _apol
080 _a620.1:539.3/.6
942 _cKS
008 s pl f |000 0 pol
999 _c19249
_d19249
856 _uhttp://koha.tu.koszalin.pl/cgi-bin/koha/opac-detail.pl?biblionumber=19249
_yKatalog online BPK